| 000 | 00582 a2200181 4500 | ||
|---|---|---|---|
| 003 | NUST | ||
| 005 | 20221025140203.0 | ||
| 020 | _a0201508613 | ||
| 040 | _cNust | ||
| 082 | _a006.6,OSB | ||
| 100 |
_aOsborne, Alan _9101355 |
||
| 245 |
_aGraphing Calculator and Computer Graphing Laboratory manual / _cDemana waits, Alan Osborne |
||
| 260 |
_aNew York _bAddison wesley _c1990 |
||
| 300 | _a116: p: | ||
| 505 | _aPart-1: Graphics Calculators (Page-3), Part-II: Computer Graphics Using Master Graph (Page-51). | ||
| 650 |
_aLaboratory manual _9101356 |
||
| 942 |
_2ddc _cBK _k006.6,OSB |
||
| 999 |
_c180013 _d180013 |
||